000 00484nmm a2200157Ia 4500
008 251105s9999||||xx |||||||||||||||||und||
020 _a9789580613572
041 _aspa
100 _aLópez Orozco, Asdrúbal
245 0 _aY, ¿cómo olvidar? : cómo roban los ricos a los pobres
264 _a[Bogotá, Colombia] :
_bOveja Negra,
_c2016
300 _a261 páginas
650 _aSocial Sciences (General)
856 _uhttps://public.digitaliapublishing.com/a/46737
942 _cCF
999 _c94999
_d94999